| 000 | 00606cam a22002173a 4500 | ||
|---|---|---|---|
| 001 | 42431 | ||
| 003 | PGUSA | ||
| 005 | 20140828083948.0 | ||
| 008 | 130329s2013||||xxu|||||s|||||000 | eng d | ||
| 040 |
_aPGUSA _beng |
||
| 042 | _adc | ||
| 100 | 1 |
_aBensusan, S. L. _q(Samuel Levy), _d1872-1958 |
|
| 245 | 1 | 0 |
_aLawrence _h[electronic resource] / _cS. L. Bensusan |
| 260 |
_bProject Gutenberg, _c2013 |
||
| 506 | _aPublic domain in the USA. | ||
| 516 | _aElectronic text | ||
| 700 | 1 | _aHare, T. Leman | |
| 830 | 0 |
_aProject Gutenberg _v42431 |
|
| 856 | 4 | 0 | _uhttp://www.gutenberg.org/ebooks/42431 |
| 942 | _cEB | ||
| 999 |
_c271683 _d271683 |
||